Queer Actors to Get Nominated for an Oscar - Statistics

General Stats
  • This quiz has been taken 88 times
  • The average score is 11 of 28
Answer Stats
LGBTQ+ Nominations / Wins Film example Answer % Correct
bisexual nominated once A Star is Born Lady Gaga
93%
transgender, non-binary, queer nominated once Juno Elliot Page
90%
bisexual nominated twice / won once Girl, Interrupted Angelina Jolie
77%
lesbian nominated for 4 / won twice The Silence of the Lambs Jodie Foster
67%
gay won twice American Beauty Kevin Spacey
64%
gay nominated twice The Lord of the Rings: The Fellowship of the Ring Ian McKellen
59%
bisexual nominated for 8 / won twice On the Waterfront Marlon Brando
53%
bisexual nominated once Spencer Kristen Stewart
47%
bisexual nominated once Harriet Cynthia Erivo
44%
bisexual won once The Piano Anna Paquin
42%
unspecified nominated once Chicago Queen Latifah
40%
queer nominated once Everything Everywhere All at Once Stephanie Hsu
37%
bisexual won once Paper Moon Tatum O'Neal
36%
gay nominated once Amadeus Tom Hulce
36%
gay won once Cabaret Joel Grey
34%
lesbian won once The Year of Living Dangerously Linda Hunt
34%
queer won once West Side Story Ariana DeBose
32%
queer won once Michael Clayton Tilda Swinton
29%
gay nominated once The Madness of King George Nigel Hawthorne
23%
lesbian nominated once Nashville Lily Tomlin
22%
gay nominated once The Crying Game Jaye Davidson
21%
bisexual nominated once King Richard Aunjanue Ellis
19%
bisexual nominated once Morocco Marlene Dietrich
18%
gay nominated once Sounder Paul Winfield
16%
bisexual nominated twice Exodus Sal Mineo
10%
bisexual nominated once The Fixer Alan Bates
7%
gay nominated twice / won once Arthur John Gielgund
1%
lesbian nominated once Resurrection Eva Le Gallienne
0%
No matching quizzes found
Score Distribution
Percent of People with Each Score
Percentile by Number Answered
Your Score History
You have not taken this quiz